ნორმალური ფორმატი
MARC ფორმატი
ჩანაწერი Personal Name
ჩანაწერთა რაოდენობა, რომელიც გამოყენებულია: 1
001 - CONTROL NUMBER
- control field: 5983
003 - CONTROL NUMBER IDENTIFIER
- control field: GE_BSU
005 - DATE AND TIME OF LATEST TRANSACTION
- control field: 20191227114542.0
008 - FIXED-LENGTH DATA ELEMENTS
- fixed length control field: 191227|| aca||aabn | a|a d
040 ## - CATALOGING SOURCE
- Original cataloging agency: GE_BSU
- Transcribing agency: GE_BSU
100 ## - HEADING--PERSONAL NAME
- Personal name: გ.ფანჯიკიძე,
- Relator term: შემდგენელ რედაქტორი
670 ## - SOURCE DATA FOUND
- Source citation: Work cat.: (GE_BSU)40135: გვეტაძე, რაჟდენ. 5973, თეო; ჭიაკოკონა; ლაშაური საღამოები :
